Ensayo de geografía regional de España / (Record no. 57239)
[ view plain ]
| 000 -LEADER | |
|---|---|
| campo de control de longitud fija | 00497nam a2200169 i 4500 |
| 001 - NÚMERO DE CONTROL | |
| campo de control | 57239 |
| 003 - IDENTIFICADOR DE NÚMERO DE CONTROL | |
| campo de control | ES-MaACL |
| 005 - FECHA Y HORA DE LA ÚLTIMA TRANSACCIÓN | |
| campo de control | 20230906163535.0 |
| 007 - CAMPO FIJO DE DESCRIPCIÓN FÍSICA--INFORMACIÓN GENERAL | |
| campo de control de longitud fija | t| |
| 008 - DATOS DE LONGITUD FIJA--INFORMACIÓN GENERAL | |
| campo de control de longitud fija | 031015s1923 sp |||| | spa d |
| 100 1# - ENTRADA PRINCIPAL--NOMBRE DE PERSONA | |
| Nombre de persona | Doporto Marchori, Luis. |
| 9 (RLIN) | 45366 |
| 245 10 - MENCIÓN DEL TÍTULO | |
| Título | Ensayo de geografía regional de España / |
| Mención de responsabilidad, etc. | por Luis Doporto Marchori. |
| 260 ## - PUBLICACIÓN, DISTRIBUCIÓN, ETC. | |
| Lugar de publicación, distribución, etc. | Madrid : |
| Nombre del editor, distribuidor, etc. | Gómez Fuentenebro, |
| Fecha de publicación, distribución, etc. | 1923. |
| 300 ## - DESCRIPCIÓN FÍSICA | |
| Extensión | VIII, 254 p. ; |
| Dimensiones | 22 cm. |
| 651 #4 - PUNTO DE ACCESO ADICIONAL DE MATERIA--NOMBRE GEOGRÁFICO | |
| Nombre geográfico | España- |
| Subdivisión general | Geografía. |
| 9 (RLIN) | 8200 |
| 852 ## - LOCALIZACIÓN | |
| Ubicación | ES-MaACL |
| Número de control de estantería | B-970 |
| Estatus retirado | Estado de pérdida | Estado de daño | No para préstamo | Biblioteca de origen | Biblioteca actual | Ubicación en estantería | Fecha de adquisición | Fuente de adquisición | Total de préstamos | Signatura topográfica completa | Código de barras | Visto por última vez | Precio de reemplazo | Tipo de ítem Koha |
|---|---|---|---|---|---|---|---|---|---|---|---|---|---|---|
| Biblioteca del Ateneo de Madrid | Biblioteca del Ateneo de Madrid | Sala Pardo Bazán | 17/01/2008 | B-970 | 1060097 | 23/02/2023 | 23/02/2023 | Libro impreso |
